<?xml version="1.0" encoding="utf-8"?>
<?xml-stylesheet type='text/xsl' href='./oai2.xsl'?>
<OAI-PMH xmlns="http://www.openarchives.org/OAI/2.0/" xmlns:xsi="http://www.w3.org/2001/XMLSchema-instance" xsi:schemaLocation="http://www.openarchives.org/OAI/2.0/ http://www.openarchives.org/OAI/2.0/OAI-PMH.xsd">
  <responseDate>2026-04-29T00:58:27Z</responseDate>
  <request verb="GetRecord" metadataPrefix="marcxml" identifier="isil_DE-23_45015">https://kulturerbe.niedersachsen.de/oai</request>
  <GetRecord>
    <record>
      <header>
        <identifier>isil_DE-23_45015</identifier>
        <datestamp>2012-03-01T16:57:24Z</datestamp>
        <setSpec>slg0007</setSpec>
      </header>
      <metadata>
        <marc:record xmlns:marc="http://www.loc.gov/MARC21/slim" xsi:schemaLocation="http://www.loc.gov/MARC21/slim http://www.loc.gov/standards/marcxml/schema/MARC21slim.xsd">
          <marc:leader>12345nkm  22     uu 4500</marc:leader>
          <marc:controlfield tag="001">45015</marc:controlfield>
          <marc:controlfield tag="003">vkk</marc:controlfield>
          <marc:controlfield tag="005">2011-10-08</marc:controlfield>
          <marc:controlfield tag="008">|           ||||||||||||||||||||||</marc:controlfield>
          <marc:datafield tag="245" ind1="1" ind2="0">
            <marc:subfield code="a">Bunkel sieht Carola nach zehn Jahren wieder</marc:subfield>
          </marc:datafield>
          <marc:datafield tag="700" ind1="1" ind2=" ">
            <marc:subfield code="a">Chodowiecki</marc:subfield>
            <marc:subfield code="d">1726 - 1801</marc:subfield>
            <marc:subfield code="e">Zeichner</marc:subfield>
            <marc:subfield code="e">Inventor</marc:subfield>
            <marc:subfield code="e">Stecher</marc:subfield>
          </marc:datafield>
          <marc:datafield tag="700" ind1="1" ind2=" ">
            <marc:subfield code="a">Amory</marc:subfield>
            <marc:subfield code="d">1691 - 1788</marc:subfield>
            <marc:subfield code="e">Verfasser des Textes (Kontext)</marc:subfield>
          </marc:datafield>
          <marc:datafield tag="655" ind1=" " ind2="7">
            <marc:subfield code="a">Grafik</marc:subfield>
          </marc:datafield>
          <marc:datafield tag="046" ind1=" " ind2=" ">
            <marc:subfield code="k">1778</marc:subfield>
            <marc:subfield code="k">1778</marc:subfield>
          </marc:datafield>
          <marc:datafield tag="260" ind1=" " ind2=" ">
            <marc:subfield code="a">Berlin</marc:subfield>
            <marc:subfield code="b">Nicolai, Friedrich</marc:subfield>
            <marc:subfield code="g">1778</marc:subfield>
            <marc:subfield code="g">1778</marc:subfield>
          </marc:datafield>
          <marc:datafield tag="300" ind1=" " ind2=" ">
            <marc:subfield code="a">Platte: 76 x 129 mm; Blatt: 124 x 69 mm</marc:subfield>
          </marc:datafield>
          <marc:datafield tag="650" ind1="1" ind2=" ">
            <marc:subfield code="a">Baum</marc:subfield>
          </marc:datafield>
          <marc:datafield tag="650" ind1="1" ind2=" ">
            <marc:subfield code="a">Frau</marc:subfield>
          </marc:datafield>
          <marc:datafield tag="650" ind1="1" ind2=" ">
            <marc:subfield code="a">Mann</marc:subfield>
          </marc:datafield>
          <marc:datafield tag="650" ind1="1" ind2=" ">
            <marc:subfield code="a">Pferd</marc:subfield>
          </marc:datafield>
          <marc:datafield tag="650" ind1="1" ind2=" ">
            <marc:subfield code="a">Bach</marc:subfield>
          </marc:datafield>
          <marc:datafield tag="440" ind1=" " ind2=" ">
            <marc:subfield code="a">Illustrationen zu Johann Bunkel's Leben, D. Chodowiecki, 16 Bll., E. 215-230</marc:subfield>
          </marc:datafield>
          <marc:datafield tag="773" ind1="0" ind2=" ">
            <marc:subfield code="t">Graphische Blätter der Herzog August Bibliothek - die Sammlungen Chodowiecki und Berlepsch</marc:subfield>
          </marc:datafield>
          <marc:datafield tag="852" ind1=" " ind2=" ">
            <marc:subfield code="a">Herzog August Bibliothek Wolfenbüttel</marc:subfield>
          </marc:datafield>
          <marc:datafield tag="" ind1=" " ind2=" ">
            <marc:subfield code="a">Namensnennung - Weitergabe unter gleichen Bedingungen 4.0 International (CC BY-SA 4.0)</marc:subfield>
          </marc:datafield>
        </marc:record>
      </metadata>
    </record>
  </GetRecord>
</OAI-PMH>
